00744nam a2200241Ia 4500008004100000040000600041041001200047082001200059082001100071100002600082245002600108245004200134260001400176260003600190260000900226300005500235300001200290501002800302650002100330942000700351999001900358952012500377141004s9999 xx 000 0 und d ca aEnglish a581.954 bNAI/FL aAlexander Kyd Nairne cAlexander Kyd Nairne 4aThe flowering plants of western India aDehra Dun bInternational book distributors c1987 a399 p.  b18.5 cm aKAUCOF  aFlowering plants cBK c305019d305019 00104070aKAUCOFbKAUCOFd2040-03-08l1o581.954 NAI/FLpKAU_COF-4255r2017-01-19 00:00:00s2017-01-09w2014-10-04yBK